Štúdium starnutia špeciálnych záznamových prostriedkov v dokumentoch

Salvato in:
Dettagli Bibliografici
Autore principale: Václaviková, Ivana (Autore)
Altri autori: Reháková, Milena (Relatore della tesi)
Natura: Manoscritto Libro
Lingua:slovacco
Pubblicazione: 2017
Soggetti:
Accesso online:http://is.stuba.sk/zp/portal_zp.pl?podrobnosti=118736
Tags: Aggiungi Tag
Nessun Tag, puoi essere il primo ad aggiungerne!!

MARC

LEADER 00000ntm a22000003a 4500
001 stuzp62193
003 SK-STU
005 20170715210607.6
007 ta
008 150427s2015----xo-----f-mn---000-0-slo-d
040 |a STU  |b slo 
041 0 |a slo 
100 1 |a Václaviková, Ivana  |u 049160  |4 aut  |U FCHPT Ústav prírodných a syntetických polymérov  |T FCHPT Oddelenie polygrafie a aplikovanej fotochémie  |X 76557  |U C9160  |Y 127  |7 76557 
242 0 1 |a Study of ageing of special writing means in documents  |y eng 
245 1 0 |a Štúdium starnutia špeciálnych záznamových prostriedkov v dokumentoch 
260 |c 2017 
650 4 |a vymazateľný atrament  |2 slo 
650 4 |a gumovacie perá  |2 slo 
650 4 |a kriminalisticko-technické skúmanie  |2 slo 
650 4 |a písacie prostriedky  |2 slo 
650 4 |a erasable ink  |2 eng 
650 4 |a erasable pens  |2 eng 
650 4 |a forensic examination  |2 eng 
650 4 |a writing means  |2 eng 
700 1 |a Reháková, Milena  |u 049160  |k Z1  |4 ths  |U FCHPT Ústav prírodných a syntetických polymérov  |T FCHPT Oddelenie polygrafie a aplikovanej fotochémie  |X 3378  |U C9160  |Y 127  |7 A000003378 
856 4 |u http://is.stuba.sk/zp/portal_zp.pl?podrobnosti=118736